| 000 | 01066nam a22003137a 4500 | ||
|---|---|---|---|
| 003 | CHAP | ||
| 005 | 20220817041949.0 | ||
| 008 | 971013s1970 r 00010 d | ||
| 010 | _a30175 | ||
| 011 | _a31147 | ||
| 035 | _a35259 | ||
| 040 | _cCHAP | ||
| 082 |
_a620.11 _bN3Y |
||
| 100 | 0 | 0 |
_aNash, William A. _980271 |
| 245 | _aTeoría y problemas de resistencia de mateirales | ||
| 260 |
_aMéxico, D. F. : _bMcGraw-Hill, _c1970 |
||
| 300 |
_a299 p. _b: ilus. ; gráfs. |
||
| 490 | _aSerie de Compendios Schaum | ||
| 590 |
_aBATCH-UPD _b10 _c20130110 _lUCH01 _h0058 |
||
| 590 |
_aBATCH-UPD _b10 _c20130110 _lUCH01 _h1608 |
||
| 590 |
_aCONVERSION _b10 _c20130109 _lUCH01 _h1317 |
||
| 650 | 1 | 4 |
_aResistencia de materiales. _996123 |
| 830 | 0 | _aSerie de Compendios Schaum | |
| 901 | _aBK | ||
| 942 | _cLIBRO | ||
| 949 |
_a620.11 N3Y _bBC _cLIBRO _d33724000013439 _eLIBRO _fc.2 _h44771 _i35259 _si _t126.00 |
||
| 949 |
_a620.11 N3Y _bBC _cLIBRO _d33724000013447 _eLIBRO _fc.3 _h44772 _i35259 _si _t126.00 |
||
| 949 |
_a620.11 N3Y _bBC _cLIBRO _d814222 _eLIBRO _h44770 _i35259 _si _t126.00 |
||
| 999 |
_c30175 _d30175 |
||